[Event "Agen 2017 - Open D"]
[Site "?"]
[Date "2017.08.27"]
[Round "9.2"]
[White "Alachtar, Socrate"]
[Black "Adiba, Jean-Claude"]
[Result "1-0"]
[LiveChessVersion "1.4.8"]
[BlackElo "1421"]
[WhiteElo "1426"]

1. d4 {[%clk 1:30:59]} Nf6 {[%clk 1:30:43]} 2. Nf3 {[%clk 1:31:20]} g6
{[%clk 1:30:53]} 3. Bf4 {[%clk 1:31:28]} Bg7 {[%clk 1:30:51]} 4. e3
{[%clk 1:31:37]} O-O {[%clk 1:30:54]} 5. h3 {[%clk 1:32:01]} d6 {[%clk 1:30:49]}
6. Bd3 {[%clk 1:31:45]} Re8 {[%clk 1:30:45]} 7. O-O {[%clk 1:32:05]} Nbd7
{[%clk 1:31:01]} 8. Nbd2 {[%clk 1:28:33]} e5 {[%clk 1:30:51]} 9. Bg5
{[%clk 1:28:30]} h6 {[%clk 1:30:59]} 10. dxe5 {[%clk 1:27:40]} dxe5
{[%clk 1:31:01]} 11. Bxf6 {[%clk 1:27:52]} Nxf6 {[%clk 1:30:49]} 12. e4
{[%clk 1:28:06]} g5 {[%clk 1:24:45]} 13. Nc4 {[%clk 1:24:54]} Nh5
{[%clk 1:20:52]} 14. Ncxe5 {[%clk 1:21:35]} Nf4 {[%clk 1:20:34]} 15. Nc4
{[%clk 1:20:22]} g4 {[%clk 1:19:14]} 16. hxg4 {[%clk 1:19:17]} Bxg4
{[%clk 1:19:25]} 17. Ne3 {[%clk 1:19:25]} Qc8 {[%clk 1:15:30]} 18. Nf5
{[%clk 1:09:54]} Qe6 {[%clk 1:10:48]} 19. Qd2 {[%clk 0:48:58]} Nxd3
{[%clk 1:04:26]} 20. Nxg7 {[%clk 0:42:06]} Kxg7 {[%clk 1:04:13]} 21. Qxd3
{[%clk 0:42:13]} Qxe4 {[%clk 1:01:22]} 22. Qc3+ {[%clk 0:42:24]} Kg8
{[%clk 1:00:49]} 23. Rfe1 {[%clk 0:42:10]} Qf4 {[%clk 0:58:32]} 24. Ne5
{[%clk 0:40:19]} c6 {[%clk 0:53:29]} 25. Re3 {[%clk 0:39:43]} Rad8
{[%clk 0:52:00]} 26. Nxg4 {[%clk 0:40:10]} Rxe3 {[%clk 0:49:17]} 27. Nxe3
{[%clk 0:40:25]} Rd6 {[%clk 0:47:22]} 28. Re1 {[%clk 0:38:39]} Re6
{[%clk 0:45:22]} 29. Nf1 {[%clk 0:37:46]} Qd6 {[%clk 0:38:56]} 30. Rxe6
{[%clk 0:37:26]} fxe6 {[%clk 0:38:51]} 31. Qg3+ {[%clk 0:37:40]} Qxg3
{[%clk 0:39:05]} 32. Nxg3 {[%clk 0:37:57]} Kf7 {[%clk 0:38:51]} 33. Ne4
{[%clk 0:38:14]} Ke7 {[%clk 0:37:33]} 34. f4 {[%clk 0:38:20]} b6 {[%clk 0:37:40]}
35. Kf2 {[%clk 0:38:35]} a5 {[%clk 0:37:14]} 36. a4 {[%clk 0:38:23]} Kd7
{[%clk 0:33:56]} 37. c4 {[%clk 0:38:32]} Ke7 {[%clk 0:32:25]} 38. g4
{[%clk 0:38:33]} Kd7 {[%clk 0:30:44]} 39. Ke3 {[%clk 0:38:49]} Ke7
{[%clk 0:31:07]} 40. Kd4 {[%clk 1:09:08]} Kd7 {[%clk 1:01:10]} 41. Ke5
{[%clk 1:09:24]} Ke7 {[%clk 1:01:33]} 42. Nd6 {[%clk 1:09:20]} Kd7
{[%clk 1:00:42]} 43. Nf7 {[%clk 1:09:36]} 1-0

[Event "Agen 2017 - Open D"]
[Site "?"]
[Date "2017.08.27"]
[Round "9.3"]
[White "Fornes, Marie"]
[Black "Rubio, Valentin"]
[Result "0-1"]
[LiveChessVersion "1.4.8"]
[BlackElo "1439"]
[WhiteElo "1494"]

1. e4 {[%clk 1:30:59]} e6 {[%clk 1:30:56]} 2. d4 {[%clk 1:31:24]} d5
{[%clk 1:31:22]} 3. Nd2 {[%clk 1:31:49]} Nf6 {[%clk 1:31:41]} 4. e5
{[%clk 1:32:14]} Nfd7 {[%clk 1:32:07]} 5. Bd3 {[%clk 1:32:28]} c5
{[%clk 1:32:30]} 6. c3 {[%clk 1:32:53]} Nc6 {[%clk 1:32:55]} 7. Ne2
{[%clk 1:33:13]} f6 {[%clk 1:32:43]} 8. exf6 {[%clk 1:33:40]} Nxf6
{[%clk 1:33:08]} 9. Nf3 {[%clk 1:33:39]} Bd6 {[%clk 1:30:09]} 10. O-O
{[%clk 1:33:25]} O-O {[%clk 1:23:45]} 11. b3 {[%clk 1:32:24]} Qc7
{[%clk 1:19:04]} 12. h3 {[%clk 1:32:14]} Bd7 {[%clk 1:12:50]} 13. c4
{[%clk 1:29:04]} Rae8 {[%clk 0:57:40]} 14. dxc5 {[%clk 1:28:31]} Bxc5
{[%clk 0:56:46]} 15. Bb2 {[%clk 1:23:15]} Kh8 {[%clk 0:36:32]} 16. Rc1
{[%clk 1:19:06]} Qd6 {[%clk 0:25:28]} 17. cxd5 {[%clk 1:18:37]} exd5
{[%clk 0:24:48]} 18. Qc2 {[%clk 1:17:49]} Bb6 {[%clk 0:19:42]} 19. a3
{[%clk 1:16:52]} Ne4 {[%clk 0:16:16]} 20. Bxe4 {[%clk 1:13:38]} dxe4
{[%clk 0:16:27]} 21. Rfd1 {[%clk 1:12:53]} Qe7 {[%clk 0:13:32]} 22. Nfd4
{[%clk 1:12:26]} Qg5 {[%clk 0:09:14]} 23. Qc3 {[%clk 1:09:36]} e3
{[%clk 0:06:05]} 24. Nf3 {[%clk 1:03:51]} exf2+ {[%clk 0:03:37]} 25. Kh1
{[%clk 1:02:29]} Qe7 {[%clk 0:03:34]} 26. Ng3 {[%clk 1:00:30]} Rf7
{[%clk 0:01:16]} 27. Rc2 {[%clk 0:56:04]} Qe3 {[%clk 0:01:36]} 28. Rd3
{[%clk 0:50:45]} Qc5 {[%clk 0:00:53]} 29. Qd2 {[%clk 0:50:03]} Qe7
{[%clk 0:00:55]} 30. Qc3 {[%clk 0:43:33]} Qe1+ {[%clk 0:00:56]} 31. Nxe1
{[%clk 0:43:37]} fxe1=Q+ {[%clk 0:01:22]} 32. Kh2 {[%clk 0:42:48]} Qg1#
{[%clk 0:01:39]} 0-1

[Event "Agen 2017 - Open D"]
[Site "?"]
[Date "2017.08.27"]
[Round "9.4"]
[White "Jager, Lisa"]
[Black "Jarrier, Francis"]
[Result "1-0"]
[LiveChessVersion "1.4.8"]
[BlackElo "1494"]
[WhiteElo "1405"]

1. e4 {[%clk 1:30:56]} c5 {[%clk 1:30:57]} 2. Nf3 {[%clk 1:31:19]} a6
{[%clk 1:30:57]} 3. Bc4 {[%clk 1:30:02]} e6 {[%clk 1:30:40]} 4. d4
{[%clk 1:27:22]} b5 {[%clk 1:28:32]} 5. Be2 {[%clk 1:26:53]} Bb7 {[%clk 1:23:28]}
6. d5 {[%clk 1:24:38]} exd5 {[%clk 1:23:27]} 7. exd5 {[%clk 1:25:00]} Nf6
{[%clk 1:20:18]} 8. c4 {[%clk 1:24:28]} d6 {[%clk 1:19:39]} 9. cxb5
{[%clk 1:20:05]} Nxd5 {[%clk 1:10:45]} 10. bxa6 {[%clk 1:19:00]} Bc6
{[%clk 1:09:29]} 11. Bc4 {[%clk 1:15:31]} Qe7+ {[%clk 1:08:27]} 12. Kd2
{[%clk 1:12:06]} Qf6 {[%clk 1:03:44]} 13. Re1+ {[%clk 1:05:16]} Be7
{[%clk 1:03:04]} 14. Qe2 {[%clk 1:04:51]} Ra7 {[%clk 1:02:39]} 15. Kd1
{[%clk 1:03:40]} Nf4 {[%clk 1:01:00]} 16. Bxf4 Qxf4 {[%clk 1:01:03]} 17. Nc3
{[%clk 0:53:31]} O-O 18. Bd5 {[%clk 0:49:41]} Re8 {[%clk 0:52:38]} 19. Bxc6
{[%clk 0:45:45]} Nxc6 {[%clk 0:52:59]} 20. Nd5 {[%clk 0:45:35]} Qa4+
{[%clk 0:51:18]} 21. b3 {[%clk 0:44:46]} Qxa6 {[%clk 0:51:25]} 22. Qxa6 Rxa6
{[%clk 0:51:52]} 23. Nc7 {[%clk 0:43:39]} Raa8 {[%clk 0:51:42]} 24. Nxe8
{[%clk 0:42:53]} Rxe8 {[%clk 0:52:10]} 25. Nd2 {[%clk 0:41:00]} Kf8
{[%clk 0:50:49]} 26. Nc4 {[%clk 0:40:24]} Nb4 {[%clk 0:50:59]} 27. Re3
{[%clk 0:32:57]} d5 28. Nb6 {[%clk 0:31:57]} Rd8 {[%clk 0:49:23]} 29. a3
{[%clk 0:30:10]} Bf6 {[%clk 0:47:34]} 30. Rb1 {[%clk 0:26:11]} Na2
{[%clk 0:46:57]} 31. Na4 {[%clk 0:25:57]} d4 {[%clk 0:45:42]} 32. Rd3
{[%clk 0:24:17]} Ke7 {[%clk 0:45:21]} 33. Kc2 {[%clk 0:23:37]} Kd6
{[%clk 0:42:47]} 34. Rb2 {[%clk 0:22:30]} Nb4+ {[%clk 0:42:21]} 35. axb4
{[%clk 0:22:49]} cxb4 {[%clk 0:42:46]} 36. Nb6 {[%clk 0:21:03]} Kc5
{[%clk 0:41:15]} 37. Nc4 {[%clk 0:20:22]} Rc8 {[%clk 4:14:14]} 38. Kd1
{[%clk 0:19:49]} Ra8 {[%clk 0:41:13]} 39. Nd2 {[%clk 0:19:14]} g6
{[%clk 0:40:28]} 40. Ne4+ {[%clk 0:49:34]} Kd5 1-0

[Event "Champ France Acc"]
[Site "Agen"]
[Date "2017/08/27"]
[Round "9"]
[White "BELLAHCENE,Bilel"]
[Black "LE HETET, Nicolas"]
[Result "1-0"]
[WhiteElo "2481"]
[BlackElo "2317"]
[TimeControl "900"]

1. e4 c5
2. Nf3 Nc6
3. b4 e5
4. b5 Nd4
5. Bc4 Nf6
6. c3 Nxf3+
7. Qxf3 d6
8. h3 Be6
9. d3 Be7
10. O-O O-O
11. Re1 a6
12. a4 Bxc4
13. dxc4 Nd7
14. Nd2 Qc7
15. Qd3 Rfc8
16. Rb1 axb5
17. axb5 Ra4
18. Nf1 Nb6
19. Ne3 Qd7
20. f4 exf4
21. Nf5 Qe6
22. Bxf4 Nxc4
23. Qd5 Rc7
24. Ra1 Rxa1
25. Rxa1 h6
26. Ra8+ Kh7
27. Re8 Qxd5
28. exd5 Bf6
29. Re4 g6
30. Rxc4 gxf5
31. Bxd6 Rd7
32. Bxc5 Rxd5
33. b6 Bd8
34. Kf1 Kg6
35. Ke2 Kf6
36. Be3 Ke6
37. Ra4 Kd7
38. Ra8 Rb5
39. Rb8 Bg5
40. Rxb7+ Ke6
41. Bd4 Rb2+
42. Kf3 Be7
43. Ra7 Bd6
44. Ra8 Rb3
45. Rh8 1-0

[Event "Champ France Acc"]
[Site "Agen"]
[Date "2017/08/27"]
[Round "9"]
[White "DUDOGNON, Thibault"]
[Black "HOUSIEAUX, David"]
[Result "0-1"]
[WhiteElo "2230"]
[BlackElo "2409"]
[TimeControl "900"]

1. c4 g6
2. g3 Bg7
3. Bg2 c5
4. Nc3 Nc6
5. Nf3 e6
6. d3 Nge7
7. Bg5 h6
8. Bd2 O-O
9. Rb1 b6
10. a3 Bb7
11. O-O d6
12. Qc1 Kh7
13. b4 Qd7
14. Rd1 f5
15. b5 Nd4
16. Ne1 Bxg2
17. Kxg2 g5
18. Kg1 f4
19. gxf4 e5
20. fxg5 Qg4+
21. Ng2 Ng6
22. f3 Rxf3
23. exf3 Nxf3+
24. Kf2 Rf8 0-1

[Event "Agen_2017-Accession"]
[Site "Agen"]
[Date "2017.08.19"]
[Round "1.7"]
[White "Sanchez, Louis"]
[Black "Brochet, Philippe"]
[Result "0-1"]
[WhiteElo "2240"]
[BlackElo "2417"]
[PlyCount "80"]
[EventDate "2017.08.??"]
[EventType "swiss"]
[EventRounds "9"]
[EventCountry "FRA"]
[WhiteTeam "Clichy-Echecs-92"]
[BlackTeam "Echecs Club Montpellier"]

1. Nf3 d5 2. g3 Bg4 3. Bg2 c6 4. O-O Nd7 5. d4 Ngf6 6. Nbd2 e6 7. Re1 Be7 8. e4
dxe4 9. Nxe4 Nxe4 10. Rxe4 Nf6 11. Re1 Qb6 12. c3 O-O 13. Qb3 Rfd8 14. Ne5 Bh5
15. Nc4 Qc7 16. Bf4 Qc8 17. a4 Nd5 18. Bd2 Bf6 19. Ne5 c5 20. dxc5 Qxc5 21. c4
Ne7 22. Bb4 Qc7 23. Bxe7 Qxe7 24. a5 Rab8 25. Qe3 a6 26. c5 Bg6 27. b4 Qe8 28.
Rad1 Rxd1 29. Rxd1 Qa4 30. Rd4 Qa1+ 31. Bf1 Bf5 32. Kg2 Bh3+ 33. Kxh3 Qxf1+ 34.
Kg4 Qg2 35. h4 Rf8 36. Rd2 h5+ 37. Kxh5 Bxe5 38. Qxe5 Qf3+ 39. g4 Kh7 40. Rd7
Rh8 0-1

[Event "Agen_2017-Accession"]
[Site "Agen"]
[Date "2017.08.19"]
[Round "1.8"]
[White "Fantinel, Thibault"]
[Black "O'Sullivan, Thomas"]
[Result "1/2-1/2"]
[WhiteElo "2413"]
[BlackElo "2238"]
[PlyCount "63"]
[EventDate "2017.08.??"]
[EventType "swiss"]
[EventRounds "9"]
[EventCountry "FRA"]
[WhiteTeam "Echiquier Agenais"]
[BlackTeam "Cercle d'Echecs de Villepinte"]

1. e4 c5 2. Nf3 e6 3. b3 b6 4. Bd3 Bb7 5. O-O Nc6 6. Re1 d6 7. Bb2 Nf6 8. e5
dxe5 9. Nxe5 Nxe5 10. Bxe5 Bd6 11. Bb5+ Ke7 12. d4 cxd4 13. Qxd4 Bxe5 14. Qxe5
Rc8 15. Bc4 Qd6 16. Qxd6+ Kxd6 17. Nc3 a6 18. Rad1+ Ke7 19. a4 Rhd8 20. f3 Rxd1
21. Rxd1 Nd7 22. f4 g5 23. fxg5 Ne5 24. Rd4 Rg8 25. Ne4 Nxc4 26. Rxc4 Bxe4 27.
Rxe4 Rxg5 28. Kf2 b5 29. axb5 axb5 30. c4 h5 31. g3 Kd6 32. Ke3 1/2-1/2

[Event "Agen_2017-Accession"]
[Site "Agen"]
[Date "2017.08.19"]
[Round "1.10"]
[White "Coiffait, Pierre-Basile"]
[Black "Duboue, Peio"]
[Result "0-1"]
[WhiteElo "2230"]
[BlackElo "2403"]
[PlyCount "98"]
[EventDate "2017.08.??"]
[EventType "swiss"]
[EventRounds "9"]
[EventCountry "FRA"]
[WhiteTeam "Cannes Echecs"]
[BlackTeam "Echiquier de l'Erdre"]

1. e4 e5 2. Nf3 Nc6 3. Nc3 Nf6 4. Bb5 Bb4 5. O-O O-O 6. d3 d6 7. Bg5 Bxc3 8.
bxc3 Qe7 9. Re1 Nd8 10. d4 Ne6 11. Bd2 c6 12. Bd3 Qc7 13. Ng5 Qb6 14. Rb1 Qa5
15. Nxe6 Bxe6 16. c4 Qc7 17. f4 exd4 18. f5 Bc8 19. c5 d5 20. e5 Ne4 21. Bxe4
dxe4 22. Bf4 Bxf5 23. Qxd4 Rad8 24. Qb4 Qe7 25. Qa5 a6 26. e6 Qxe6 27. Bd6 Rfe8
28. Rxb7 e3 29. Qxa6 Ra8 30. Ra7 Rxa7 31. Qxa7 e2 32. Qa3 Bxc2 33. Qf3 Qe4 34.
Qxe4 Rxe4 35. Kf2 Bd1 36. Kf3 Ra4 37. g4 f6 38. Bf4 Kf7 39. Be3 Ke6 40. h3 Kd5
41. Kf2 Rxa2 42. g5 f5 43. g6 hxg6 44. h4 Ke4 45. Bg5 Ra3 46. Rg1 f4 47. Be7
Rh3 48. Bd8 Rh2+ 49. Ke1 f3 0-1

[Event "Agen_2017-Accession"]
[Site "Agen"]
[Date "2017.08.19"]
[Round "1.11"]
[White "Ollier, Pablo"]
[Black "Dudognon, Thibault"]
[Result "1/2-1/2"]
[WhiteElo "2395"]
[BlackElo "2230"]
[PlyCount "112"]
[EventDate "2017.08.??"]
[EventType "swiss"]
[EventRounds "9"]
[EventCountry "FRA"]
[WhiteTeam "Echiquier Médocain"]
[BlackTeam "CE Vitrolles"]

1. d4 d5 2. c4 c6 3. Nc3 Nf6 4. e3 Bf5 5. Nf3 a6 6. Ne5 Nbd7 7. Qb3 Qc7 8. cxd5
Nxe5 9. dxe5 Nxd5 10. Nxd5 cxd5 11. Bd2 e6 12. Rc1 Qd7 13. Be2 Be7 14. Qb6 Rc8
15. Rxc8+ Qxc8 16. O-O Bd8 17. Qb4 Be7 18. Qb6 Bd8 19. Qb4 Be7 20. Qa5 Bd8 21.
Qa3 Be7 22. Bb4 Qc7 23. Bxe7 Qxe7 24. Qa4+ Qd7 25. Qb4 Qe7 26. Qa4+ Qd7 27. Qb4
Qe7 28. Qb6 O-O 29. Rc1 Qd8 30. Rc7 d4 31. exd4 Be4 32. Qc5 Bc6 33. Re7 h6 34.
Bc4 b6 35. Qd6 Qxd6 36. exd6 Rd8 37. Bxa6 Rxd6 38. Rc7 b5 39. f3 Bd7 40. Bc8
Be8 41. Bb7 Bd7 42. d5 exd5 43. Rc5 Be6 44. Rxb5 d4 45. Be4 Kf8 46. Bd3 Bxa2
47. b3 Re6 48. Bc4 Re3 49. Kf2 g5 50. Rb7 f5 51. Rf7+ Ke8 52. Rxf5 Bxb3 53.
Bxb3 Rxb3 54. Rd5 d3 55. g4 Rb2+ 56. Ke3 Rxh2 1/2-1/2

[Event "Agen_2017-Accession"]
[Site "Agen"]
[Date "2017.08.19"]
[Round "1.12"]
[White "Tomasi, Albert"]
[Black "Favarel, Antoine"]
[Result "0-1"]
[WhiteElo "2229"]
[BlackElo "2388"]
[PlyCount "96"]
[EventDate "2017.08.??"]
[EventType "swiss"]
[EventRounds "9"]
[EventCountry "FRA"]
[WhiteTeam "Echecs-Club Ajaccien"]
[BlackTeam "L'Echiquier Chalonnais"]

1. e4 c5 2. Nf3 Nc6 3. d4 cxd4 4. Nxd4 g6 5. c4 Bg7 6. Be3 Nf6 7. Nc3 d6 8. Be2
O-O 9. O-O Bd7 10. Qd2 Nxd4 11. Bxd4 Bc6 12. f3 a5 13. b3 Nd7 14. Be3 Nc5 15.
Rab1 Be5 16. a3 e6 17. Bd1 b6 18. Bc2 Qh4 19. g3 Qe7 20. b4 axb4 21. axb4 Nd7
22. Rfd1 Qf6 23. Rb3 Qxf3 24. Bh6 Qh5 25. Bxf8 Kxf8 26. Rf1 Kg7 27. Bd1 Qh3 28.
Ne2 Nf6 29. Nf4 Qh6 30. Bf3 g5 31. Nd3 Bd4+ 32. Kh1 Nxe4 33. Qg2 f5 34. g4 Qg6
35. b5 Bb7 36. Nb4 fxg4 37. Qxg4 h5 38. Qg2 g4 39. Nc6 Bxc6 40. bxc6 gxf3 41.
Rbxf3 Qxg2+ 42. Kxg2 Nf6 43. Rd3 e5 44. Rg3+ Kf7 45. Rg5 Rc8 46. Rxh5 Rxc6 47.
Rh7+ Kg6 48. Re7 d5 0-1

[Event "Agen_2017-Accession"]
[Site "Agen"]
[Date "2017.08.19"]
[Round "1.13"]
[White "Philippe, Guillaume"]
[Black "Giacomini, Hector"]
[Result "1-0"]
[WhiteElo "2364"]
[BlackElo "2226"]
[PlyCount "93"]
[EventDate "2017.08.??"]
[EventType "swiss"]
[EventRounds "9"]
[EventCountry "FRA"]
[WhiteTeam "L'Echiquier Chalonnais"]
[BlackTeam "Echiquier Tourangeau"]

1. e4 c6 2. d3 d5 3. Nd2 e5 4. Ngf3 Bd6 5. g3 Nf6 6. Bg2 O-O 7. O-O Nbd7 8. b3
Re8 9. Bb2 a5 10. a3 Qc7 11. Re1 d4 12. c3 c5 13. Rc1 Qd8 14. Nc4 Bc7 15. a4
Nb6 16. Na3 Bd7 17. Qc2 Rc8 18. Rf1 Bd6 19. Nd2 h5 20. Nf3 Nh7 21. Qd2 Ra8 22.
Ne1 h4 23. f4 hxg3 24. hxg3 Nf6 25. Nf3 Ng4 26. Nc2 f6 27. f5 Nc8 28. Bh3 Nh6
29. Na3 Be7 30. c4 Nd6 31. Rc2 Nhf7 32. Qh2 Qb6 33. Nb5 Nxb5 34. cxb5 Bxb5 35.
axb5 Qxb5 36. Bc1 Qxd3 37. Bg4 a4 38. bxa4 Rxa4 39. Bh5 Ra1 40. Bg6 Rea8 41.
Qh7+ Kf8 42. Rh2 Bd6 43. Bxf7 Kxf7 44. Qg6+ Kg8 45. Rh7 Qxf1+ 46. Kxf1 Rxc1+
47. Ne1 1-0

[Event "Agen_2017-Accession"]
[Site "Agen"]
[Date "2017.08.19"]
[Round "1.14"]
[White "Viel, Simon"]
[Black "Pucher, Sebastien"]
[Result "0-1"]
[WhiteElo "2220"]
[BlackElo "2360"]
[PlyCount "72"]
[EventDate "2017.08.??"]
[EventType "swiss"]
[EventRounds "9"]
[EventCountry "FRA"]
[WhiteTeam "Echecs Plus de Cherbourg-Octeville"]
[BlackTeam "Club d'Echecs Metz Fischer"]

1. e4 Nf6 2. e5 Nd5 3. d4 d6 4. c4 Nb6 5. exd6 exd6 6. Nc3 Be7 7. Bd3 O-O 8.
Nge2 Na6 9. b3 Nb4 10. Bb1 c6 11. O-O d5 12. c5 Nd7 13. a3 Na6 14. Bf4 Nc7 15.
Bd3 Ne6 16. Qc2 g6 17. Be3 f5 18. f3 f4 19. Bf2 Ng7 20. b4 Bh4 21. Bxh4 Qxh4
22. b5 Nf5 23. Qd2 Ne3 24. Rfe1 Qg5 25. g3 fxg3 26. Nxg3 Rxf3 27. Nd1 Rxg3+ 28.
hxg3 Qxg3+ 29. Kh1 Qh4+ 30. Kg1 Qg3+ 31. Kh1 Ng4 32. Re8+ Nf8 33. Ra2 Bf5 34.
Rxa8 Bxd3 35. Nc3 Qh3+ 36. Kg1 Qf1# 0-1

[Event "Agen_2017-Accession"]
[Site "Agen"]
[Date "2017.08.19"]
[Round "1.15"]
[White "Lamard, Guillaume"]
[Black "Bilquez, Romain"]
[Result "0-1"]
[WhiteElo "2347"]
[BlackElo "2219"]
[PlyCount "118"]
[EventDate "2017.08.??"]
[EventType "swiss"]
[EventRounds "9"]
[EventCountry "FRA"]
[WhiteTeam "Cannes Echecs"]
[BlackTeam "Nogent le Roi"]

1. d4 d5 2. Bf4 Nf6 3. e3 c5 4. c3 Nc6 5. Nd2 Qb6 6. Qb3 Bf5 7. Ngf3 c4 8. Qxb6
axb6 9. a3 b5 10. Rc1 h6 11. h3 Nd7 12. Be2 Nb6 13. Bd1 Na4 14. Bxa4 bxa4 15.
O-O Bd3 16. Rfe1 f5 17. Nf1 Ra5 18. Rcd1 Rb5 19. Rd2 Na5 20. Ne5 Nb3 21. Rxd3
cxd3 22. Nxd3 Na5 23. b4 axb3 24. a4 Rb6 25. Bc7 Ra6 26. Nc5 Nc4 27. Nxa6 bxa6
28. e4 Kd7 29. Bf4 fxe4 30. Rb1 e5 31. Bc1 exd4 32. cxd4 Bd6 33. Rxb3 Rb8 34.
Rxb8 Bxb8 35. Ne3 Ke6 36. Kf1 Nb6 37. a5 Nc4 38. Nxc4 dxc4 39. Bb2 Kd5 40. Ke2
Bc7 41. Bc3 Bf4 42. Bb2 g6 43. g3 Bg5 44. h4 Bf6 45. Ke3 h5 46. Bc3 Bg7 47. Bb2
Bf8 48. Bc3 Bh6+ 49. Ke2 Bc1 50. Kd1 e3 51. f3 Ba3 52. Ke2 Bd6 53. g4 Bg3 54.
gxh5 gxh5 55. Kxe3 Bxh4 56. f4 Bf6 57. f5 h4 58. Kf3 h3 59. Kg3 Ke4 0-1

[Event "Agen_2017-Accession"]
[Site "Agen"]
[Date "2017.08.19"]
[Round "1.16"]
[White "Trouve, Guillaume"]
[Black "Travadon, Loic"]
[Result "0-1"]
[WhiteElo "2214"]
[BlackElo "2341"]
[PlyCount "94"]
[EventDate "2017.08.??"]
[EventType "swiss"]
[EventRounds "9"]
[EventCountry "FRA"]
[WhiteTeam "Mulhouse Philidor"]
[BlackTeam "C.E. de  Bois-Colombes"]

1. e4 c5 2. Nf3 d6 3. Bc4 Nf6 4. e5 dxe5 5. Nxe5 e6 6. Qe2 Be7 7. Nc3 O-O 8.
O-O a6 9. a4 Nbd7 10. f4 Nxe5 11. Qxe5 b6 12. d3 Bb7 13. Bd2 Qd7 14. Rae1 Rae8
15. Qe2 Nd5 16. f5 Bh4 17. Rd1 exf5 18. Qh5 Bf6 19. Qxf5 Qxf5 20. Rxf5 Nb4 21.
Rc1 Bd4+ 22. Kf1 g6 23. Rf4 Kg7 24. Ne2 Bxg2+ 25. Ke1 Bxb2 26. Rb1 Be5 27. Rh4
h5 28. Bxb4 cxb4 29. Bxa6 g5 30. Rc4 Bxh2 31. Kf2 Bd5 32. Rcxb4 Bd6 33. Rb5 Re5
34. d4 Rf5+ 35. Ke1 Re8 36. Rxb6 Bf4 37. c4 Bf3 38. c5 g4 39. R6b3 h4 40. Bd3
g3 41. Bb5 Re3 42. Rxe3 Bxe3 43. c6 g2 44. c7 Bb7 45. Ng1 Bxg1 46. Ke2 Bxd4 47.
Bd7 Re5+ 0-1

[Event "Agen_2017-Accession"]
[Site "Agen"]
[Date "2017.08.19"]
[Round "1.17"]
[White "Midoux, Sebastien"]
[Black "Boyer, Mahel"]
[Result "1-0"]
[WhiteElo "2321"]
[BlackElo "2207"]
[PlyCount "59"]
[EventDate "2017.08.??"]
[EventType "swiss"]
[EventRounds "9"]
[EventCountry "FRA"]
[WhiteTeam "CE Vitrolles"]
[BlackTeam "Echiquier Nîmois"]

1. d4 e6 2. Nf3 Nf6 3. e3 Be7 4. Bd3 O-O 5. O-O d5 6. b3 c5 7. Bb2 Nc6 8. Nbd2
b6 9. Ne5 Bb7 10. f4 Rc8 11. a3 a6 12. Rf3 b5 13. Rh3 c4 14. Bxh7+ Nxh7 15. Qh5
Bh4 16. Rxh4 Qxh4 17. Qxh4 Nxe5 18. fxe5 c3 19. Bc1 cxd2 20. Bxd2 Rxc2 21. Bb4
Rfc8 22. Rf1 Nf8 23. Bxf8 Rxf8 24. Qe7 Ba8 25. h4 Rc3 26. Rf3 Rxb3 27. h5 Rb1+
28. Kh2 a5 29. h6 gxh6 30. Rg3+ 1-0

[Event "Agen_2017-Accession"]
[Site "Agen"]
[Date "2017.08.19"]
[Round "1.18"]
[White "Hutois, Mickael"]
[Black "Le Hetet, Nicolas"]
[Result "1/2-1/2"]
[WhiteElo "2207"]
[BlackElo "2317"]
[PlyCount "90"]
[EventDate "2017.08.??"]
[EventType "swiss"]
[EventRounds "9"]
[EventCountry "FRA"]
[WhiteTeam "Echiquier de l'Erdre"]
[BlackTeam "Echiquier Agenais"]

1. c4 c6 2. g3 Nf6 3. Bg2 d5 4. Nf3 e6 5. O-O Be7 6. b3 Nbd7 7. Bb2 O-O 8. d3
b6 9. Nbd2 Bb7 10. Qc2 c5 11. e4 d4 12. b4 e5 13. bxc5 Bxc5 14. Nb3 Qc7 15.
Nxc5 Nxc5 16. Ba3 Rfc8 17. Rab1 Ncxe4 18. dxe4 Bxe4 19. Qe2 Bxb1 20. Rxb1 Re8
21. Rb5 d3 22. Qe3 Qxc4 23. Rxe5 Qc2 24. Bb4 Qb1+ 25. Be1 Rxe5 26. Nxe5 Re8 27.
Bf1 Qa1 28. f4 Ng4 29. Qe4 Qxa2 30. Bxd3 Qxh2+ 31. Kf1 Qh3+ 32. Kg1 Qh2+ 33.
Kf1 Qh3+ 34. Kg1 Nxe5 35. fxe5 g6 36. g4 Rc8 37. e6 f5 38. gxf5 Qxf5 39. Qxf5
gxf5 40. Bb4 a5 41. Bd6 Kg7 42. Be5+ Kf8 43. Bd6+ Kg7 44. Be5+ Kf8 45. Bd6+ Kg7
1/2-1/2

[Event "Agen_2017-Accession"]
[Site "Agen"]
[Date "2017.08.19"]
[Round "1.19"]
[White "Le Ruyet, Leopold"]
[Black "Aumont, Alexandre"]
[Result "1-0"]
[WhiteElo "2317"]
[BlackElo "2205"]
[PlyCount "79"]
[EventDate "2017.08.??"]
[EventType "swiss"]
[EventRounds "9"]
[EventCountry "FRA"]
[WhiteTeam "Echiquier de l'Erdre"]
[BlackTeam "La Cavale du Fou"]

1. e4 e6 2. d4 d5 3. Nd2 dxe4 4. Nxe4 Bd7 5. Nf3 Bc6 6. Bd3 Nd7 7. O-O Ngf6 8.
Ng3 Be7 9. b3 h5 10. h4 Bxf3 11. Qxf3 c6 12. c4 Ng4 13. Nxh5 Rxh5 14. Qxg4 Rxh4
15. Qxg7 Nf8 16. Be3 c5 17. Rad1 cxd4 18. Bh6 f5 19. Be2 Qd6 20. g3 Rxh6 21.
Qxh6 O-O-O 22. Bf3 Nd7 23. Rfe1 e5 24. Qxd6 Bxd6 25. Bd5 Kc7 26. Kg2 a5 27. Rh1
Nc5 28. Rh7+ Kb6 29. Rf7 Rf8 30. Rxf8 Bxf8 31. f4 exf4 32. gxf4 d3 33. Kf3 Bd6
34. Ke3 Na6 35. Rxd3 Nb4 36. Rd2 Bc5+ 37. Kf3 Nc6 38. Bxc6 bxc6 39. Rd7 a4 40.
bxa4 1-0

[Event "Agen_2017-Accession"]
[Site "Agen"]
[Date "2017.08.19"]
[Round "1.20"]
[White "Lallement, Victor"]
[Black "Valuet, Bertrand"]
[Result "1-0"]
[WhiteElo "2200"]
[BlackElo "2310"]
[PlyCount "107"]
[EventDate "2017.08.??"]
[EventType "swiss"]
[EventRounds "9"]
[EventCountry "FRA"]
[WhiteTeam "Echiquier Centre Vaucluse "]
[BlackTeam "La tour de Juvisy"]

1. d4 d5 2. c4 dxc4 3. Nf3 a6 4. e3 b5 5. a4 Bb7 6. b3 e6 7. bxc4 bxc4 8. Bxc4
Nf6 9. O-O Nc6 10. Nbd2 Nb4 11. Be2 Be7 12. Ne5 c5 13. Bb2 cxd4 14. Bxd4 O-O
15. Bf3 Bxf3 16. Ndxf3 Qd5 17. Qe2 Ne4 18. Rac1 Rfc8 19. Nc4 Qh5 20. Nb6 Rxc1
21. Rxc1 Rd8 22. Qc4 Nd5 23. Qxa6 Bh4 24. Nxh4 Qxh4 25. Qe2 e5 26. Nxd5 exd4
27. exd4 Qg5 28. Re1 Qxd5 29. Qxe4 Qxe4 30. Rxe4 f5 31. Re1 Rxd4 32. Ra1 Rd6
33. a5 Ra6 34. f4 Kf7 35. Kf2 Ke6 36. Ke3 Kd5 37. Kd3 Kc5 38. Re1 g6 39. Re5+
Kb4 40. Kd4 Rd6+ 41. Ke3 Ra6 42. Re7 Kc4 43. Rxh7 Kd5 44. Re7 Kc4 45. Re5 Rd6
46. Kf3 Kb4 47. Kg3 Rc6 48. Kh4 Rc2 49. Kh3 Rc3+ 50. g3 Rc6 51. Kh4 Rb6 52. Kg5
Rc6 53. Re7 Kxa5 54. Rg7 1-0

[Event "Agen_2017-Accession"]
[Site "Agen"]
[Date "2017.08.19"]
[Round "1.21"]
[White "Lamoureux, Charles"]
[Black "Mancini, Mario"]
[Result "0-1"]
[WhiteElo "2306"]
[BlackElo "2199"]
[PlyCount "127"]
[EventDate "2017.08.??"]
[EventType "swiss"]
[EventRounds "9"]
[EventCountry "FRA"]
[WhiteTeam "Club d'Echecs d'Annemasse"]
[BlackTeam "Cercle d'Echecs de Villepinte"]

1. b3 Nf6 2. Bb2 c5 3. e3 Nc6 4. Nf3 e6 5. Bb5 Be7 6. O-O Qc7 7. Re1 d6 8. e4
O-O 9. h3 Bd7 10. Bf1 Rfd8 11. a4 Ne5 12. Nh2 Ng6 13. g3 Bc6 14. d3 Nd7 15. Nd2
Bf6 16. Bxf6 Nxf6 17. f4 Nd7 18. h4 h6 19. Qe2 Re8 20. Bg2 Ne7 21. Rf1 f5 22.
g4 Nf8 23. g5 Kh7 24. Rae1 Ng8 25. Bh3 Qf7 26. Nc4 Red8 27. e5 d5 28. Nd6 Qe7
29. Nf3 Be8 30. Nd2 h5 31. a5 g6 32. Qf2 Qc7 33. Ra1 Ne7 34. Bg2 Nc8 35. Nxe8
Rxe8 36. d4 Nd7 37. c4 Ne7 38. cxd5 exd5 39. dxc5 Qxc5 40. Rfc1 Qxf2+ 41. Kxf2
Rac8 42. b4 Nf8 43. Nb3 Ne6 44. Ke3 Kg7 45. Nc5 Nxc5 46. Rxc5 b6 47. axb6 axb6
48. Rxc8 Rxc8 49. Ra7 Kf8 50. Rb7 Rc3+ 51. Kf2 Rc4 52. Rxb6 Rxf4+ 53. Bf3 Rxh4
54. b5 Rc4 55. e6 d4 56. Rd6 f4 57. Rd8+ Kg7 58. Rd7 Kf8 59. b6 Ke8 60. b7 Rb4
61. Be4 h4 62. Rxd4 Rb3 63. Rd3 Rb2+ 64. Kf3 0-1